Normal view
MARC view
- Lodhi,Bilal Ahmed
Entry Personal Name
001 - CONTROL NUMBER
- control field: 4992
003 - CONTROL NUMBER IDENTIFIER
- control field: NUST
005 - DATE AND TIME OF LATEST TRANSACTION
- control field: 20170926114112.0
008 - FIXED-LENGTH DATA ELEMENTS
- fixed length control field: 170926|| aca||aabn | a|a d
040 ## - CATALOGING SOURCE
- Original cataloging agency: NUST
- Transcribing agency: NUST
100 ## - HEADING--PERSONAL NAME
- Personal name: Lodhi,Bilal Ahmed
670 ## - SOURCE DATA FOUND
- Source citation: Work cat.: (NUST): Lodhi,Bilal Ahmed, An empirical analysis of sugarcane production in Pakistan, 2015
